Responses for Show #8828 - Wednesday, March 15, 2023

Stephen Webb game 7.

Contestants

[<< previous game]

Govind Dandekar, a solutions architect from Vancouver, British Columbia, Canada

Gwen Lockman, a Ph.D. candidate from Missoula, Montana

Stephen Webb, a data scientist from Longmont, Colorado (whose 6-day cash winnings total $155,281)

[next game >>]

Jeopardy! Round responses

LITERARY VILLAINS
STANDING ON A BOARD SIDEWAYS
ALPHABETICALLY NEXT
THE MORNING AFTER
HANGOVER CURES
HAIR OF THE DOG
    $200 5
Moriarty

Stephen
    $200 24
Goofy

Gwen
    $200 20
Happy

Govind
    $200 27
(Stephen: What's the Lusitania?)

the Titanic

StephenGovind
    $200 28
pear

Stephen
    $200 29
[ERRATUM: The golden retriever is a sporting breed.]

a golden retriever

Triple Stumper
    $400 4
Cruella de Vil

Govind
    $400 17
Tony Hawk

Stephen
    $400 21
Taurus

Stephen
    $400 26
July 5, 1776

Stephen
    $400 15
pickle juice

Gwen
    $400 30
chocolate

Stephen
    $600 3
Nurse Ratched

Gwen
    $600 16
the barrel

Triple Stumper
    $600 22
the Ravens

Govind
    $600 13
December 8th

Stephen
    $600 14
a martini

Govind
    $600 25
silky

Triple Stumper
    $800 1
(Stephen: [Making first pick] Oh, boy, you wrote this for me, didn't you?)

Blofeld

Triple Stumper
    $800 18
the Banzai Pipeline

Triple Stumper
    $800 23
Gerald Ford

Triple Stumper
    $1,500 10
(Gwen: What is...)
...
(Ken: That's [*] after the Great Fire.)

Chicago

Gwen
    $800 9
(Stephen: What's a pressure point?)

acupressure

Stephen
Triple Stumper
    $800 8
a Lhasa apso

Gwen
    $1000 2
Lonesome Dove

Stephen
    $1000 19
Chloe Kim

Gwen
    $1000 11
manganese

Stephen
    $1000 12
(Ken: Yes, a bus boycott.)

Rosa Parks

Stephen
    $1000 6
(Stephen: Uhh, uh, what is a quiche?)

a frittata (a Spanish tortilla or omelet)

StephenGwen
    $1000 7
hypoallergenic

Stephen

Scores at the first commercial break (after clue 15):

Stephen Gwen Govind
$3,000 $1,300 $1,000

Scores at the end of the Jeopardy! Round:

Stephen Gwen Govind
$4,600 $2,500 $2,000

Double Jeopardy! Round responses

WORLD TRAVEL
BIBLICAL FIRST NAMES
POP CULTURE
THOSE DARN NEBRASKANS
TOUGH SCIENCE
"F"OUR LETTER WORDS
    $400 20
Paraguay

Govind
    $400 28
Rebecca

Stephen
    $400 29
Oscar the Grouch

Govind
    $400 6
the SEALs

Stephen
    $400 25
(Govind: What is a super jet?)

a jet

Govind
Triple Stumper
    $400 30
fury

Gwen
    $800 19
a broken heart

Govind
    $800 1
Naomi

Stephen
    $800 12
(Ken: Of "Penn and" fame.)

Teller

Stephen
    $800 7
Buffett

Stephen
    $800 5
noble gases

Gwen
    $800 26
a fern

Govind
    $1200 18
Gauguin

Stephen
    $1200 27
Lazarus

Stephen
    $3,500 11
Beyoncé & Jay-Z

Gwen
    $1200 8
the American Indian Movement

Gwen
    $1200 4
the core & the mantle

Triple Stumper
    $1200 24
a flue

Stephen
    $1600 17
East Berlin

Triple Stumper
    $1600 22
Jeremiah

Stephen
    $1600 9
(Benedict) Wong

Gwen
    $1600 16
Bright Eyes

Triple Stumper
    $1600 3
wind resistance

Stephen
    $1600 23
flux

Stephen
    $2000 13
Petra

Govind
    $2,000 14
(Ken: From Moby-Dick, that's correct.)

Ahab & Ishmael

Govind
    $2000 10
(Ken: Former child actor, I know you're all picturing--[*].)

Peter Billingsley

Triple Stumper
    $2000 15
(Willa) Cather

Stephen
    $2000 2
(Gwen: What are alleles?)

telomeres

StephenGwen
    $2000 21
a frog

Triple Stumper

Scores at the end of the Double Jeopardy! Round:

Stephen Gwen Govind
$20,200 $8,000 $8,000
(lock game)

[wagering suggestions for these scores]

Final Jeopardy! Round responses

ART EXHIBITIONS
[Govind's response was revealed first.]
(Ken: [To Govind] It's a great guess--he hadn't quite yet been rediscovered by 1898, I'm afraid.)
...
[Gwen had an unknown third letter in her response.]
...
(Ken: [To Stephen] No, Queen Wilhelmina was not the queen of Norway; she was the queen of the Netherlands.)
GwenWho is Bu[?]
$7,000
GovindWho is Van Gogh?
$1,000
StephenWho is Munch?
$199
Rembrandt

Final scores:

Stephen Gwen Govind
$20,001 $1,000 $7,000
7-day champion: $175,282 3rd place: $1,000 2nd place: $2,000

Game dynamics:

Coryat scores:

Stephen Gwen Govind
$20,200 $7,200 $8,000
24 R,
3 W
11 R
(including 1 DD),
2 W
(including 1 DD)
11 R
(including 1 DD),
1 W

Combined Coryat: $35,400

[game clues] [game scores] [suggest correction]

Game tape date: 2022-12-16
The J! Archive is created by fans, for fans. Scraping, republication, monetization, and malicious use prohibited; this site may use cookies and collect identifying information. See terms. The Jeopardy! game show and all elements thereof, including but not limited to copyright and trademark thereto, are the property of Jeopardy Productions, Inc. and are protected under law. This website is not affiliated with, sponsored by, or operated by Jeopardy Productions, Inc. Join the discussion at JBoard.tv.